000 00486nam a2200169Ia 4500
008 240428s9999||||xx |||||||||||||| ||und||
020 _a155587195X 
041 _aeng
082 _a337.09B
100 _aBraveboy-Wagner, A. Jacqueline
245 4 _aThe Caribbean in the pacific Century: prospects for Caribbean-Pacific cooperation
260 _bLynne Rienner Publishers
_aColorado:
_c1993
300 _ax, 217p, tabs, illus
650 _aThe Caribbean
942 _cBK
999 _c591
_d591